Economics Bulletin

Salvato in:
Dettagli Bibliografici
Natura: Periodico
Lingua:inglese
Pubblicazione: Nashville IDEAS
Tags: Aggiungi Tag
Nessun Tag, puoi essere il primo ad aggiungerne!!

MARC

LEADER 00000nls a2200000 4500
001 0300153
005 20260205092744.8
022 |a 1545-2921 
041 0 |a eng 
044 |a US 
245 1 0 |a Economics Bulletin 
264 1 |a Nashville  |b IDEAS